000 00278nam a2200121 i 4500
001 bg
245 0 _aPrace Instytutu Odlewnictwa. Zesz.2 :
_brok XI.
260 _aKatowice,
_c1962.
040 _cBPK
041 _apol
942 _cKS
008 s pl f |000 0 pol
999 _c15929
_d15929
856 _uhttp://koha.tu.koszalin.pl/cgi-bin/koha/opac-detail.pl?biblionumber=15929
_yKatalog online BPK